Name the country- Level 1 - Statistics

General Stats
  • This quiz has been taken 30 times
  • The average score is 18 of 20
Answer Stats
Picture Answer % Correct
United Kingdom
100%
United States of America
100%
Australia
96%
Brazil
96%
Canada
96%
Japan
96%
New Zealand
96%
China
92%
France
92%
Israel
92%
Italy
92%
Spain
92%
Sweden
92%
Argentina
88%
Norway
84%
South Africa
84%
Switzerland
84%
Jamaica
80%
Mexico
80%
Vietnam
76%
No matching quizzes found
Score Distribution
Percent of People with Each Score
Percentile by Number Answered
Your Score History
You have not taken this quiz